|
|
|
|
| LEADER |
00000nab a2200000 a 4500 |
| 001 |
vtls000541885 |
| 003 |
SK-MaSNL |
| 005 |
20260305044243.0 |
| 008 |
250425c1995 xo 0 slo |
| 015 |
|
|
|a SNBRB19rr/mm-uuuuu
|
| 035 |
|
|
|a CL0542023
|
| 035 |
|
|
|a urn:nbn:sk:snk-abdqo
|
| 035 |
|
|
|a (urnnbn)urn:nbn:sk:snk:ar-a04yvf
|
| 035 |
|
|
|a (uuid)8cc4d2b1-8e59-49de-892a-2f05bc6ac59e
|
| 040 |
|
|
|a SNKBUCL
|b slo
|c SNKBUCL
|e AACR2
|
| 041 |
0 |
|
|a slo
|
| 044 |
|
|
|a xo
|c SK
|
| 080 |
|
|
|a 801-051
|2 1981
|
| 080 |
|
|
|a 808.54-051
|2 1981
|
| 080 |
|
|
|a 378.124:80
|2 1981
|
| 080 |
|
|
|a 929 Palkovič, Konštantín
|2 1981
|
| 100 |
1 |
|
|a Gašinec, Eduard,
|d 1923-
|4 aut
|9 49056
|
| 245 |
1 |
0 |
|a Konštantín Palkovič - lingvista, pedagóg a etnograf
|c Eduard Gašinec
|
| 600 |
1 |
7 |
|a Palkovič, Konštantín,
|d 1919-2008
|2 snkbucl
|9 11233
|
| 655 |
|
7 |
|a články z novín a časopisov
|2 snkbucl
|9 267496
|
| 773 |
0 |
|
|t Slovenský jazyk a literatúra v škole
|g Roč. 41, č. 3-4 (1994/1995), s. 126-127
|
| 850 |
|
|
|a Slovenská národná knižnica
|
| 852 |
|
|
|a Slovenská národná knižnica
|
| 954 |
|
|
|a odborná, vedecká literatúra pôvodná (slovenská)
|2 lita
|
| 958 |
|
|
|a article27
|
| 958 |
|
|
|a BX
|
| 958 |
|
|
|a RK
|
| 958 |
|
|
|a OND
|
| 958 |
|
|
|a EUIPO
|
| 992 |
|
|
|a RBX
|
| 999 |
|
|
|c 3357461
|d 3359391
|